New Zealand Members of Parliament 2017-2020 - Statistics

General Stats
  • This quiz has been taken 17 times
    11 since last reset
  • The average score is 49 of 120
Answer Stats
electorate MP % Correct
list Winston {Peters}
100%
Mt Albert Jacinda {Ardern}
90%
Epsom David {Seymour}
80%
Wellington Central Grant {Robertson}
80%
Papakura Judith {Collins}
80%
Pakuranga Simeon {Brown}
80%
Selwyn Amy {Adams}
70%
Rimutaka Chris {Hipkins}
70%
Ilam Gerry {Brownlee}
70%
Nelson Nick {Smith}
70%
Tauranga Simon {Bridges}
70%
Kaikoura Stuart {Smith}
70%
list Bill {English}
60%
list Chlöe {Swarbrick}
60%
list James {Shaw}
60%
Te Tai Tokerau Kelvin {Davis}
60%
list Kiri {Allan}
60%
North Shore Maggie {Barry}
60%
Northland Matt {King}
60%
Christchurch East Poto {Williams}
60%
list Trevor {Mallard}
60%
East Coast Anne {Tolley}
50%
Kelston Carmel {Sepuloni}
50%
Hutt South Chris {Bishop}
50%
West Coast-Tasman Damien {O'Connor}
50%
Hamilton East David {Bennett}
50%
list Gareth {Hughes}
50%
Ohariu Greg {O'Connor}
50%
Waitaki Jacqui {Dean}
50%
Botany Jami-Lee {Ross}
50%
list Jan {Logie}
50%
list Julie Anne {Genter}
50%
list Kieran {McAnulty}
50%
Manurewa Louisa {Wall}
50%
list Marama {Davidson}
50%
Mt Roskill Michael {Wood}
50%
Hauraki-Waikato Nanaia {Mahuta}
50%
Auckland Central Nikki {Kaye}
50%
Upper Harbour Paula {Bennett}
50%
list Shane {Jones}
50%
Tamaki Simon {O'Connor}
50%
Napier Stuart {Nash}
50%
Waiariki Tamati {Coffey}
50%
Bay of Plenty Todd {Muller}
50%
Wairarapa Alastair {Scott}
40%
list Andrew {Little}
40%
list Clayton {Mitchell}
40%
Dunedin North David {Clark}
40%
Maungakiekie Denise {Lee}
40%
list Eugenie {Sage}
40%
list Golriz {Ghahraman}
40%
Palmerston North Ian {Lees-Galloway}
40%
list Jian {Yang}
40%
Northcote Jonathan {Coleman}
40%
Mana Kris {Faafoi}
40%
Tukituki Lawrence {Yule}
40%
Rodney Mark {Mitchell}
40%
Wigram Megan {Woods}
40%
list Melissa {Lee}
40%
list Michael {Woodhouse}
40%
Tamaki Makaurau Peeni {Henare}
40%
Te Atatu Phil {Twyford}
40%
list Ron {Mark}
40%
Port Hills Ruth {Dyson}
40%
Whangarei Shane {Reti}
40%
Hamilton West Tim {Macindoe}
40%
list Tracey {Martin}
40%
list Willie {Jackson}
40%
list Willow-Jean {Prime}
40%
Te Tai Hauauru Adrian {Rurawhe}
30%
list Alfred {Ngaro}
30%
Rangitata Andrew {Falloon}
30%
Taranaki-King Country Barbara {Kuriger}
30%
Dunedin South Clare {Curran}
30%
list Darroch {Ball}
30%
list David {Carter}
30%
list David {Parker}
30%
New Lynn Deborah {Russell}
30%
Christchurch Central Duncan {Webb}
30%
East Coast Bays Erica {Stanford}
30%
list Fletcher {Tabuteau}
30%
list Ginny {Andersen}
30%
Clutha-Southland Hamish {Walker}
30%
Whanganui Harete {Hipango}
30%
New Plymouth Jonathan {Young}
30%
list Liz {Craig}
30%
Taupo Louise {Upston}
30%
list Marja {Lubeck}
30%
Waimakariri Matt {Doocey}
30%
Ikaroa-Rawhiti Meka {Whaitiri}
30%
Otaki Nathan {Guy}
30%
list Nicky {Wagner}
30%
list Nuk {Korako}
30%
list Parmjeet {Parmar}
30%
list Priyanca {Radhakrishnan}
30%
Invercargill Sarah {Dowie}
30%
Coromandel Scott {Simpson}
30%
Mangere Su'a William {Sio}
30%
Waikato Tim {van de Molen}
30%
list Anahila {Kanongata'a- Suisuiki}
20%
Hunua Andrew {Bayly}
20%
list Angie {Warren-Clark}
20%
list Brett {Hudson}
20%
list Chris {Finlayson}
20%
Helensville Chris {Penk}
20%
Rangitikei Ian {McKelvie}
20%
list Jan {Tinnetti}
20%
list Jenny {Marcroft}
20%
Manukau East Jenny {Salesa}
20%
list Joanne {Hayes}
20%
list Kanwaljit Singh {Bakshi}
20%
Rongotai Paul {Eagle}
20%
list Paul {Goldsmith}
20%
list Raymond {Huo}
20%
Te Tai Tonga Rino {Tirikatene}
20%
Rotorua Todd {McClay}
20%
list Jamie {Strange}
10%
list Jo {Luxton}
10%
list Mark {Patterson}
10%
list Steven {Joyce}
10%
No matching quizzes found
Score Distribution
Percent of People with Each Score
Percentile by Number Answered
Your Score History
You have not taken this quiz since the last reset